[Event "Montigny le Bretonneux op 22nd"]
[Site "Montigny le Bretonneux"]
[Date "2023.12.29"]
[Round "6"]
[White "Phelippot, Gabriel"]
[Black "Carbonero, Jean Marc"]
[Result "1-0"]
[WhiteElo "1199"]
[BlackElo "1009"]
[PlyCount "91"]
[EventDate "2023.12.27"]
[EventType "swiss"]
[EventRounds "7"]
[EventCountry "FRA"]
[SourceTitle "CBM 218 Extra"]
[Source "ChessBase"]
[SourceDate "2024.03.31"]
[SourceVersion "1"]
[SourceVersionDate "2024.03.31"]
[SourceQuality "1"]

1. e4 e5 2. Nf3 Nc6 3. Bc4 d6 4. 0-0 Be7 5. c3 Bd7 6. d4 Na5 7. Bb3 b5 8. dxe5 Nxb3 9. Qxb3 a5 10. exd6 cxd6 11. Re1 a4 12. Qc2 Bg4 13. Qd3 Rb8 14. Bf4 Nf6 15. h3 Bh5 16. e5 dxe5 17. Qxd8+ Rxd8 18. Bxe5 Bxf3 19. Bxf6 gxf6 20. gxf3 Rg8+ 21. Kh2 Kf8 22. b3 Bd6+ 23. Kh1 Bc5 24. Rf1 a3 25. b4 Bd6 26. Nxa3 Rg5 27. Rg1 Rh5 28. Rad1 Rxh3+ 29. Kg2 Rh2+ 30. Kf1 Ke7 31. Nxb5 Rd7 32. Nxd6 Rxd6 33. Rxd6 Kxd6 34. a4 Kc6 35. a5 Kb7 36. Ke2 Rh5 37. Kd3 Ka6 38. Kc4 Rh4+ 39. Kb3 Rf4 40. Rg3 h5 41. Ka4 h4 42. Rh3 Rc4 43. Kb3 Kb5 44. Rh1 f5 45. Rd1 h3 46. Rd5+ 1-0